Epidemiología Crítica. (Registro nro. 456)

Detalles MARC
000 -LEADER
fixed length control field 01353 am a2200313 a 4500
005 - FECHA ULTIMA MODIFICACION
control field 20240223090922.0
008 - CAMPO DE CONTROL (LIBRO)
fixed length control field 100630s2003||||ag d f |||| 001 0 spa d
020 ## - INTERNATIONAL STANDARD BOOK NUMBER
ISBN 9508921471
041 ## - CODIGO DE IDIOMA
Código de idioma del texto/pista de sonido o título separado spa
092 ## - SIGNATURA TOPOGRAFICA DEWEY LOCAL
número de clasificación 614.4
libristica 8
sección BRE
100 1# - ENTRADA PRINCIPAL--NOMBRE PERSONAL
Nombre personal Breilh, Jaime.
9 (RLIN) 1114
245 ## - TITULO PROPIAMENTE DICHO
Título Epidemiología Crítica.
Subtítulo y Título paralelo Ciencia emancipadora e interculturalidad /
Mención de responsabilidad y remanente de la transcripción de la portada Jaime Breilh.
250 ## - MENCION DE EDICION
Mención de edición 1a ed. 1a reimp.
260 ## - PIE DE IMPRENTA
Lugar de publicación, distribución, etc Buenos Aires:
Nombre de la editorial, distribuidor, etc Lugar Editorial;
Fecha de publicación 2003.
300 ## - DESCRIPCION FISICA
Extension 317 p.
Dimensiones 23x16 cm.
500 ## - NOTA GENERAL
Nota general Breilh, J. (2003). Epidemiología Crítica. Ciencia emancipadora e interculturalidad. (1a ed.). Buenos Aires : Lugar Editorial.
590 ## - NOTAS LOCALES (RLIN)
Nota local Donación Editorial Lugar, Nov. 2005
653 ## - TÉRMINO INDIZADO - PALABRAS CLAVES
Palabra clave Episteme y praxis social
653 ## - TÉRMINO INDIZADO - PALABRAS CLAVES
Palabra clave Sujeto histórico y sujeto de la ciencia: fractura y emancipación
653 ## - TÉRMINO INDIZADO - PALABRAS CLAVES
Palabra clave Complejidad y realismo dialéctico
653 ## - TÉRMINO INDIZADO - PALABRAS CLAVES
Palabra clave Obstáculos yposibilidades frente a una epidemiología sin memoria y sin sueños
653 ## - TÉRMINO INDIZADO - PALABRAS CLAVES
Palabra clave Dos casos de hegemonía por medio de la epidemiología
653 ## - TÉRMINO INDIZADO - PALABRAS CLAVES
Palabra clave Bases para una epidemiología contrahegemónica
653 ## - TÉRMINO INDIZADO - PALABRAS CLAVES
Palabra clave Epidemiologia lineal - epidemiología dialéctica
653 ## - TÉRMINO INDIZADO - PALABRAS CLAVES
Palabra clave Neohumamismo popular en acción (epidemiología crítica de la intoxicación por plaguicidas)
653 ## - TÉRMINO INDIZADO - PALABRAS CLAVES
Palabra clave Epidemiología como praxis emancipadora
930 ## - NUMERO DE INVENTARIO
Número de inventario 1361
942 ## - ADDED ENTRY ELEMENTS (KOHA)
Source of classification or shelving scheme Dewey Decimal Classification
Item type Libros
Existencias
Estado de retiro Existencia Estado general No para prestamo Ubicación permanente ubicación actual Sala de ubicación Fecha de adquisición Total Checkouts Número de clasificación Código de barras Date last seen Número de ejemplar Price effective from Koha tipo de elemento (item)
        Biblioteca Medicina Biblioteca Medicina Circulación 13/05/2011   614.4 8 BRE 1361 06/11/2014 ej.1 13/05/2011 Libros

UNIVERSIDAD NACIONAL DEL COMAHUE
Biblioteca de la Facultad de Ciencias Médicas
Sede Toschi: Los Arrayanes y Av. Toschi, Cipolletti  - Rio Negro
Sede Los Tordos:  Yrigoyen al 2211, Cipolletti - Rio Negro 

Teléfono: 0299 - 4774707 int 25
Contacto: biblioteca@facimed.uncoma.edu.ar
© 2011 - 2026